000 00398nam a22001337a 4500
020 _a9789351540618
082 _a070.4
100 _aSanoj Singh
245 _aOutlines of journalism
260 _aNew Delhi
_bVenus books
_c2015
300 _a300p
942 _cBK
999 _c2580
_d2580